Programování v jazyku BASIC

Na minha lista:
Detalhes bibliográficos
Autor principal: Machačka, Ivo
Outros Autores: Pavlů, Jan
Formato: Livro
Idioma:tcheco
Publicado em: Praha Státní nakladatelství technické literatury 1986
Edição:2. vyd.
Tags: Adicionar Tag
Sem tags, seja o primeiro a adicionar uma tag!

MARC

LEADER 00000nam a2200000 4500
001 c041749
005 20250930080852.4
041 0 |a cze 
044 |a CZ 
245 1 0 |a Programování v jazyku BASIC  |c Ivo Machačka, Jan Pavlů 
250 |a 2. vyd. 
264 1 |a Praha  |b Státní nakladatelství technické literatury  |c 1986 
300 |a 208 s. 
100 1 |a Machačka, Ivo 
700 1 |a Pavlů, Jan